| 000 | 00663cam a2200181 a 4500 | ||
|---|---|---|---|
| 020 | _a0195790049 | ||
| 082 | 0 | 0 |
_a954.9105 _bKHA |
| 100 | 1 |
_aKhan, Mazhar Ali, _946528 |
|
| 245 | 1 | 0 |
_aPakistan, the barren years : _bthe Viewpoint editorials and columns of Mazhar Ali Khan, 1975-1992. |
| 260 |
_aKarachi ; _aNew York : _bOxford University Press, _c1998. |
||
| 300 |
_axi, 757 p. ; _c23 cm. |
||
| 500 | _aIncludes index. | ||
| 526 |
_a0 _b0 _c0 _d954_910500000000000_KHA |
||
| 650 |
_aMCE _9379 |
||
| 856 | 4 | 1 | _uhttp://www.loc.gov/catdir/enhancements/fy0605/99200365-t.html |
| 856 | 4 | 2 | _uhttp://www.loc.gov/catdir/enhancements/fy0605/99200365-d.html |
| 942 |
_2ddc _cBK |
||
| 999 |
_c549842 _d549842 |
||